| 000 | 00801nam a22002057a 4500 | ||
|---|---|---|---|
| 999 |
_c12105 _d12105 |
||
| 003 | AR-CdUCM | ||
| 008 | 190405b ||||| |||| 00| 0 eng d | ||
| 040 |
_aMUNICIPALIDAD PROVINCIAL DEL CUSCO _cBIBLIOTECA MUNICIPAL DEL CUSCO |
||
| 082 |
_aES / 608 / _bP77 |
||
| 100 |
_aPoole, Lynn _93269 |
||
| 245 | _aLa exploración del fondo del mar / | ||
| 260 |
_aBarcelona : _bEditorial Ramón Sopena, S.A., _c1958. |
||
| 300 |
_a183 paginas _c21 cm. |
||
| 505 | _aContenido :v.2. Pulmones acuáticos y tubos respiradores -- Un mundo nuevo y extraño -- Peligros de las profundidades -- Laboratorios flotantes -- El equipo del buceador ... | ||
| 650 |
_aTesoros _929790 |
||
| 650 |
_aHistorietas _910786 |
||
| 700 |
_aRibera, Antonio (traductor) _91369 |
||
| 942 |
_2ddc _cLIBROS |
||
| 945 |
_arum _d2019-04-05 |
||